00545nam a2200157Ia 4500008004100000020001800041041000800059082001800067100003500085245006200120250000600182260004100188300001200229999001900241952012700260210716s2014 xx 000 0 und d a9788126521753 aeng a658.4038 MAGS aMagal, Simha R; Word, Jeffrey. aEssentials of business processes and information systems. a1 aNew DelhibWiley India Pvt Ltdc2014 axix,169 c208990d208990 001040708MBAaAIMITbAIMITd2015-03-10g359.00l0o658.4038 MAGSpMBA11556r2026-05-23 00:00:00v287.20w2021-07-16yBK